000 00638nam a2200277Ia 4500
005 20260324114500.0
008 008 260324s9999 xx 000 0 eng d
020 _a9781003187196
037 _aEBOOK
040 _aCRL
040 _beng
040 _cCRL
041 _2eng
041 _aeng
084 _qCRL
100 _aWen-Long Chin
_91150950
245 0 _aPrinciples of Verilog Digital Design
260 _bTaylor and Francis
260 _c2022
365 _a
365 _b340
856 _uhttp://www.taylorfrancis.com/books/9781003187196
942 _cEBOOK
999 _c1741162
_d1741162